Nghề Cổ Truyền

Guardado en:
Detalles Bibliográficos
Autor principal: Nhóm Tác Giả
Formato: Libro
Lenguaje:Vietnamese
Publicado: Thời Đại 2012
Materias:
Etiquetas: Agregar Etiqueta
Sin Etiquetas, Sea el primero en etiquetar este registro!
Thư viện lưu trữ: Mạng thư viện Đại học Đà Nẵng
LEADER 01156nam a22003371a 4500
001 000036338
003 12633
005 20160401000000.0
008 160401s2012 vm 000 vie
020 |a 978604-928-225-6 
041 |a vie 
082 |a 398.2  |b TÔ-T 
100 |a Nhóm Tác Giả 
245 |a Nghề Cổ Truyền 
260 |a Thời Đại  |c 2012 
300 |a 403tr. : mh :20cm 
650 |a Nghề Cổ Truyền,Nghề ,Cổ Truyền,Nhóm Tác Giả,2012 
852 |b Chuyên đề  |c Ngôn ngữ tiếng Việt 2 
OWN |a LNN 
AVA |a UDN50  |b LNN  |d 398.2 TÔ-T  |e available  |t Error 5001 Not defined in file expand_doc_bib_avail.  |f 1  |g 0  |h N  |i 0  |k 1 
999 |a From the UDN01 
AVA |a UDN50  |b LNN  |d 398.2 TÔ-T  |e available  |t Error 5001 Not defined in file expand_doc_bib_avail.  |f 1  |g 0  |h N  |i 0  |k 1 
TYP |a Monograph 
TYP |a Printed language 
980 |a Mạng thư viện Đại học Đà Nẵng